LEADER 00855nam0-22002771i-450- 001 990006194430403321 005 19980601 035 $a000619443 035 $aFED01000619443 035 $a(Aleph)000619443FED01 035 $a000619443 100 $a19980601d1972----km-y0itay50------ba 105 $a--------00-yy 200 1 $a<>CARDINALE Gasparri e la questione romana (con brani delle Memorie inedite)$fa cura di Giovanni Spadolini. 210 $aFirenze$cLe Monnier$d1972 215 $aIX,, 365 p.$d24 cm 225 1 $aQuaderni di storia$v23 676 $a945.6 801 0$aIT$bUNINA$gRICA$2UNIMARC 901 $aBK 912 $a990006194430403321 952 $aXXI COLL. 147 (23)$b95899$fFGBC 959 $aFGBC 996 $aCARDINALE Gasparri e la questione romana (con brani delle Memorie inedite$9648915 997 $aUNINA DB $aGIU01 LEADER 02631nam 22006975 450 001 9910453859403321 005 20210301191254.0 010 $a1-4008-5103-3 024 7 $a10.1515/9781400851034 035 $a(CKB)2550000001192062 035 $a(EBL)1573466 035 $a(OCoLC)869639680 035 $a(SSID)ssj0001127164 035 $a(PQKBManifestationID)12533413 035 $a(PQKBTitleCode)TC0001127164 035 $a(PQKBWorkID)11137123 035 $a(PQKB)10017047 035 $a(MiAaPQ)EBC1573466 035 $a(DE-B1597)447918 035 $a(OCoLC)979742515 035 $a(DE-B1597)9781400851034 035 $a(EXLCZ)992550000001192062 100 $a20190708d2014 fg 101 0 $aeng 135 $aur|n|---||||| 181 $ctxt 182 $cc 183 $acr 200 10$aCollected Works of C.G. Jung$hVolume 20$iCollected Works of C.G. Jung, Volume 20 ; General Index /$fC. G. Jung; Gerhard Adler, R. F.C. Hull 205 $aCourse Book 210 1$aPrinceton, NJ :$cPrinceton University Press,$d[2014] 210 4$dİ1979 215 $a1 online resource (752 p.) 225 0 $aCollected Works of C.G. Jung ;$vVolume 20 300 $aDescription based upon print version of record. 311 $a0-691-09867-0 311 $a1-306-40805-9 327 $tFrontmatter --$tEditorial Note --$tGeneral Index to the Collected Works of C . G . JUNG --$tA --$tB --$tC --$tD --$tE --$tF --$tG --$tH --$tI --$tJ --$tK --$tL --$tM --$tN --$tO --$tP --$tQ --$tR --$tS --$tT --$tU --$tV --$tW --$tX, Y --$tZ --$tThe Collected Works of C. G. JUNG 330 $aAn exceptionally comprehensive index by paragraph numbers. Certain subjects are treated in separate sub-indexes within the General Index. These include alchemy, animals, the Bible, colors, Freud, Jung, and numbers. 410 0$aBollingen series ;$v20. 606 $aPsychology$vCollected works 606 $aPsychology$vMovements$vPsychoanalysis 606 $aPsychology$vReference 606 $aPsychology$xReligious aspects 606 $aPSYCHOLOGY / Movements / Psychoanalysis$2bisacsh 608 $aElectronic books. 615 0$aPsychology 615 0$aPsychology 615 0$aPsychology 615 0$aPsychology$xReligious aspects. 615 7$aPSYCHOLOGY / Movements / Psychoanalysis. 676 $a155.19/54 700 $aJung$b Carl G.$0730920 702 $aAdler$b Gerhard 702 $aHull$b R. F.C. 801 0$bDE-B1597 801 1$bDE-B1597 906 $aBOOK 912 $a9910453859403321 996 $aCollected Works of C.G. Jung$92446124 997 $aUNINA